000 00771nam a2200241Ia 4500
003 OSt
005 20220923221009.0
006 a|||||r|||| 00| 0
007 ta
008 220922b |||||||| |||| 00| 0 hin d
024 _a193,543
037 _cTextual
040 _aARTS
_cARTS
_bhin
041 _2hin
_ahin
082 _aO152,3xN3, L0;M8
100 _aलाल, लक्ष्मी नारायण, संपा.
_9164949
245 0 _aकथा भारती
246 _aKathā bhāratī
260 _a्रनई दिल्ली
_b नेशनल
_c1988
300 _a203पृ.
_ccm.
942 _hO152,3xN3, L0;M8
_cTEXL
_2CC
999 _c345991
_d345991